The growth of biological thought : diversity, evolution and inheritance
Αποθηκεύτηκε σε:
| Κύριος συγγραφέας: | |
|---|---|
| Μορφή: | Βιβλίο |
| Γλώσσα: | English |
| Δημοσίευση: |
Cambridge :
Belknap Press of Harvard University Press,
1982.
|
| Θέματα: | |
| Ετικέτες: |
Προσθήκη ετικέτας
Δεν υπάρχουν, Καταχωρήστε ετικέτα πρώτοι!
|
MARC
| LEADER | 00000cam a2200000 i 4500 | ||
|---|---|---|---|
| 001 | 1/1855 | ||
| 008 | 000419s1982 enk| ||| |||| ||eng|| | ||
| 020 | |a 0674364465 | ||
| 035 | |l 10060180 | ||
| 040 | |a GR-MyUA |b gre |e AACR2 | ||
| 041 | 0 | |a eng | |
| 082 | 0 | |a 570.9 |2 (22) | |
| 100 | 1 | |a Mayr, Ernst, |d 1904-2005. | |
| 245 | 1 | 4 | |a The growth of biological thought : |b diversity, evolution and inheritance / |c Ernst Mayr. |
| 260 | |a Cambridge : |b Belknap Press of Harvard University Press, |c 1982. | ||
| 300 | |a 974 σ. | ||
| 504 | |a Περιέχει βιβλιογραφικές αναφορές και ευρετήριο. | ||
| 650 | 0 | 0 | |a Biology |x History. |
| 650 | 0 | 0 | |a Biology |x Philosophy |x History. |
| 767 | 0 | 8 | |i Μεταφρασμένο ως: |t Η ανάπτυξη της βιολογικής σκέψης : |
| 852 | |a INST |b LESVOS |e 20000419 |h 570.9 MAY |p 005100023125 |q 005100023125 |t BK |y 0 | ||
| 901 | |a BIBL1-2000-1 | ||
| 909 | |a Λ |b 077531 | ||
| 922 | |a 1ΕΛΗ |b 200003 |c ΤΑΚ/ΤΕΘ |d ΠΑΠΑΣΩΤΗΡΙΟΥ | ||
| 950 | |a 134-1999-11-24 | ||
| 970 | |a ΚΑΜΑΤΣΟΥ |b ΔΕΣΠΟΙΝΑ |z 2000/04/24 | ||